Online
Catalog

Contabilidad financiera / (Record no. 1677)

MARC details
000 -CABECERA
campo de control de longitud fija 00788nam a2200253 a 4500
001 - NÚMERO DE CONTROL
campo de control 000001800
005 - FECHA Y HORA DE LA ÚLTIMA TRANSACCIÓN
campo de control 20250603103845.0
008 - DATOS DE LONGITUD FIJA--INFORMACIÓN GENERAL
campo de control de longitud fija 090629s1974 es 001 0 spa d
020 ## - NÚMERO INTERNACIONAL ESTÁNDAR DEL LIBRO
Número Internacional Estándar del Libro 8470850547
040 ## - FUENTE DE LA CATALOGACIÓN
Centro catalogador/agencia de origen DO-SdBNP
Lengua de catalogación spa
Centro/agencia transcriptor BNPHU
082 ## - NÚMERO DE LA CLASIFICACIÓN DECIMAL DEWEY
Número de clasificación 657.48
Número de documento/Ítem R621c, 1974
100 1# - ENTRADA PRINCIPAL--NOMBRE DE PERSONA
Nombre de persona Rivero Romero, José
9 (RLIN) 5845
245 10 - MENCIÓN DE TÍTULO
Título Contabilidad financiera /
Mención de responsabilidad, etc. José Rivero Romero.
250 ## - MENCIÓN DE EDICIÓN
Mención de edición 2a. ed
260 ## - PUBLICACIÓN, DISTRIBUCIÓN, ETC.
Lugar de publicación, distribución, etc. Madrid, :
Nombre del editor, distribuidor, etc. Ediciones ICE,
Fecha de publicación, distribución, etc. 1974.
300 ## - DESCRIPCIÓN FÍSICA
Extensión 492 p. ;
Dimensiones 24 cm.
490 1# - MENCIÓN DE SERIE
Mención de serie Cibernos
490 1# - MENCIÓN DE SERIE
Mención de serie Biblioteca de Ciencias Empresariales
500 ## - NOTA GENERAL
Nota general Incluye índice
504 ## - NOTA DE BIBLIOGRAFÍA, ETC.
Nota de bibliografía, etc. Incluye referencias bibliográficas y notas al pie de las páginas
650 #0 - PUNTO DE ACCESO ADICIONAL DE MATERIA--TÉRMINO DE MATERIA
Término de materia o nombre geográfico como elemento de entrada Contabilidad
9 (RLIN) 5846
830 #0 - PUNTO DE ACCESO ADICIONAL DE SERIE-TÍTULO UNIFORME
Título uniforme Cibernos
9 (RLIN) 5847
830 #0 - PUNTO DE ACCESO ADICIONAL DE SERIE-TÍTULO UNIFORME
Título uniforme Biblioteca de Ciencias Empresariales
9 (RLIN) 5848
Holdings
Estado de retiro Estado de pérdida Restricciones de uso No para préstamo Código de colección Localización permanente Ubicación/localización actual Ubicación en estantería Fecha de adquisición Número de inventario Total de préstamos Signatura topográfica completa Código de barras Fecha visto por última vez Precio válido a partir de Tipo de ítem Koha
      Excluido de préstamo Monografías: Libros y Folletos General General En catalogación 29.06.2009 LF1   657.48 R621c, 1974 1800-10 25.06.2020 25.06.2020 No se presta

Powered by Koha